000 00227nmm a2200097Ia 4500
008 220120s9999||||xx |||||||||||||||||und||
082 _a00 5.133 GRE
100 _aGreg, Buczek
245 0 _aASP developer's guide
260 _c2000
999 _c138846
_d138846